[Event "N�-LL 2006_07"]
[Site "?"]
[Date "2006.10.01"]
[Round "2"]
[White "Vykydal, Frantisek"]
[Black "Ganaus, Hannes"]
[Result "0-1"]
[WhiteElo "2264"]
[BlackElo "2318"]
[Annotator "St.P�lten : Zwettl"]
[PlyCount "72"]
[EventDate "2006.09.20"]
[SourceDate "2006.10.04"]

1. e4 c6 2. d3 d5 3. Nd2 e5 4. Ngf3 Bd6 5. Be2 Nf6 6. O-O O-O 7. a4 Nbd7 8. b3
Re8 9. Ne1 a5 10. Bf3 Nc5 11. g3 Bh3 12. Ng2 Ne6 13. Re1 Nd4 14. Ne3 Bb4 15.
Bg2 Qd7 16. Bb2 Bxg2 17. Nxg2 Bxd2 18. Rf1 Bh6 19. f3 dxe4 20. dxe4 Rad8 21.
Rf2 Qh3 22. Bxd4 Rxd4 23. Qe1 b6 24. Qc3 Qd7 25. Raf1 c5 26. Re2 c4 27. Ne3
Bxe3+ 28. Qxe3 cxb3 29. cxb3 Rc8 30. Kg2 h6 31. h4 Rc6 32. Rb2 Rd3 33. Qf2 Rcd6
34. Re1 R6d4 35. Re3 Qd6 36. g4 Nd7 0-1

[Event "N�-LL 2006_07"]
[Site "?"]
[Date "2006.10.01"]
[Round "2"]
[White "Engelhardt, Richard"]
[Black "Janetschek, Karl"]
[Result "0-1"]
[WhiteElo "2174"]
[BlackElo "2289"]
[Annotator "St.P�lten : Zwettl"]
[PlyCount "104"]
[EventDate "2006.09.20"]
[SourceDate "2006.10.04"]

1. Nf3 c5 2. g3 g6 3. Bg2 Bg7 4. O-O Nc6 5. d3 d6 6. c4 e5 7. Nc3 Nge7 8. Rb1
O-O 9. a3 f5 10. Qc2 a5 11. Bd2 h6 12. Ne1 g5 13. Nd5 Bd7 14. Bc3 Ra7 15. Qd2
Kh7 16. Nc2 Nxd5 17. Bxd5 Ne7 18. Bg2 Bc6 19. b4 Bxg2 20. Kxg2 axb4 21. axb4 b6
22. Ra1 Qd7 23. Rxa7 Qxa7 24. f3 Qb7 25. Ra1 g4 26. Qe3 d5 27. Bxe5 d4 28. Nxd4
cxd4 29. Bxd4 gxf3+ 30. exf3 f4 31. gxf4 Nf5 32. Qe4 Qxe4 33. fxe4 Nxd4 34. Ra6
Rb8 35. b5 Ne6 36. Kf3 Nc5 37. Ra3 Rd8 38. e5 Nxd3 39. h4 Nc5 40. h5 Rd4 41.
Ra7 Ne6 42. Ke3 Rxc4 43. f5 Nc7 44. f6 Bxf6 45. exf6 Kg8 46. Rb7 Nd5+ 47. Kd3
Rc7 48. Rb8+ Kf7 49. Rh8 Nxf6 50. Rxh6 Rc5 51. Rh8 Rxh5 52. Rb8 Rxb5 0-1

[Event "N�-LL 2006_07"]
[Site "?"]
[Date "2006.10.01"]
[Round "2"]
[White "Hangweyrer, Roman"]
[Black "Wallner, Erich"]
[Result "0-1"]
[WhiteElo "2178"]
[BlackElo "2155"]
[Annotator "St.P�lten : Zwettl"]
[PlyCount "58"]
[EventDate "2006.09.20"]
[SourceDate "2006.10.04"]

1. c4 Nf6 2. Nc3 c6 3. e4 e5 4. Nf3 d6 5. d4 Bg4 6. dxe5 Bxf3 7. Qxf3 dxe5 8.
Be2 Nbd7 9. g4 Nc5 10. Be3 Ne6 11. Rd1 Nd7 12. a3 Bc5 13. Bxc5 Nexc5 14. O-O
Ne6 15. Qg3 Qe7 16. b4 O-O 17. c5 Nd4 18. f4 exf4 19. Qxf4 Nxe2+ 20. Nxe2 Ne5
21. Ng3 g6 22. Rd6 Rfd8 23. Rfd1 Rxd6 24. cxd6 Qe6 25. h3 Rd8 26. Nf5 f6 27.
Nh6+ Kg7 28. g5 fxg5 29. Nf5+ Qxf5 0-1

[Event "N�-LL 2006_07"]
[Site "?"]
[Date "2006.10.01"]
[Round "2"]
[White "J�nger, Heinz"]
[Black "Lipp, Alfred"]
[Result "0-1"]
[WhiteElo "2052"]
[BlackElo "2174"]
[Annotator "St.P�lten : Zwettl"]
[PlyCount "116"]
[EventDate "2006.09.20"]
[SourceDate "2006.10.04"]

1. e4 c5 2. Nf3 d6 3. d4 cxd4 4. Nxd4 Nf6 5. Nc3 g6 6. Be3 Bg7 7. f3 O-O 8. Qd2
Nc6 9. Bc4 Bd7 10. h4 Rc8 11. Bb3 Ne5 12. O-O-O h5 13. Bg5 Rc5 14. g4 hxg4 15.
f4 Nf3 16. Nxf3 gxf3 17. f5 Rxc3 18. Qxc3 Nxe4 19. Qxf3 Bxf5 20. Be3 Qc7 21.
Rd5 e5 22. h5 Nc5 23. Rxc5 dxc5 24. hxg6 Bxg6 25. Bd5 e4 26. Qg4 Qb6 27. c3 Re8
28. Rg1 Re5 29. Qc8+ Kh7 30. Rh1+ Rh5 31. Rxh5+ Bxh5 32. Bxe4+ Bg6 33. Qh3+ Kg8
34. Qc8+ Kh7 35. Qh3+ Kg8 36. Qc8+ Kh7 37. Bxg6+ Qxg6 38. Qxb7 a6 39. Qd5 Bh6
40. Bxh6 Qxh6+ 41. Kc2 Qh2+ 42. Kb3 Qf2 43. Qd3+ Kh6 44. Qxa6+ Kg5 45. a4 f5
46. a5 f4 47. Qb7 c4+ 48. Kxc4 Qe2+ 49. Kc5 f3 50. a6 f2 51. a7 Qe5+ 52. Kb4
Qd6+ 53. Kb3 Qe6+ 54. Kb4 f1=Q 55. a8=Q Qec4+ 56. Ka5 Qa1+ 57. Kb6 Qxb2+ 58.
Ka7 Qc5+ 0-1

[Event "N�-LL 2006_07"]
[Site "?"]
[Date "2006.10.01"]
[Round "2"]
[White "Hochadel, Oliver"]
[Black "Weinwurm, Wolfgang"]
[Result "0-1"]
[WhiteElo "2137"]
[BlackElo "2183"]
[Annotator "Bisamberg/Korneuburg : Schwarzatal"]
[PlyCount "60"]
[EventDate "2006.09.20"]
[SourceDate "2006.10.06"]

1. d4 Nf6 2. c4 g6 3. Nc3 Bg7 4. e4 d6 5. Nf3 O-O 6. Be2 e5 7. O-O exd4 8. Nxd4
Re8 9. f3 Nc6 10. Nc2 Nh5 11. g4 Be5 12. Rf2 Nf4 13. Bf1 f5 14. Nd5 Nxd5 15.
exd5 Nb8 16. f4 Bg7 17. g5 Na6 18. Bg2 Nc5 19. Re2 Bd7 20. Be3 Bxb2 21. Rb1 Na4
22. Rxb2 Nxb2 23. Qd4 Na4 24. Bf3 a6 25. Nb4 Re7 26. Bd2 Rxe2 27. Bxe2 Qe7 28.
Bd3 Re8 29. Nc2 Qg7 30. Kf2 Nc5 0-1

[Event "N�-LL 2006_07"]
[Site "?"]
[Date "2006.10.01"]
[Round "2"]
[White "Monschein, Wolfgang"]
[Black "Wetscherek, Gerhard"]
[Result "1-0"]
[WhiteElo "2150"]
[BlackElo "2089"]
[Annotator "Bisamberg/Korneuburg : Schwarzatal"]
[PlyCount "107"]
[EventDate "2006.09.20"]
[SourceDate "2006.10.06"]

1. e4 e6 2. Nc3 d5 3. g3 c5 4. d3 Nf6 5. Bg2 Nc6 6. exd5 exd5 7. Bg5 d4 8. Nd5
Be7 9. Nxe7 Qxe7+ 10. Qe2 Be6 11. Nf3 h6 12. Bf4 O-O 13. O-O Nd5 14. Bd2 Qf6
15. Nh4 Rfe8 16. Qh5 g5 17. a3 Nde7 18. Bxc6 bxc6 19. Ng2 Qg6 20. Qxg6+ fxg6
21. f4 g4 22. Nh4 Bf5 23. Rae1 Rab8 24. b3 Rbd8 25. Re5 Rd5 26. Rfe1 Kf7 27.
Nxf5 gxf5 28. Re6 h5 29. Rh6 Rd7 30. Rxh5 Kg6 31. Rh4 Rd6 32. h3 gxh3 33. Kh2
Rd7 34. Kxh3 Rg8 35. g4 fxg4+ 36. Rxg4+ Kf7 37. Re5 Rh8+ 38. Kg2 Rd5 39. Reg5
Rxg5 40. fxg5 Nd5 41. Rg3 Kg6 42. Rh3 Re8 43. Rh6+ Kf5 44. Kf3 Rc8 45. Rh7 Rc7
46. Rxc7 Nxc7 47. Kg3 Nb5 48. Kh4 Nxa3 49. Kh5 Nb5 50. g6 Kf6 51. Kh6 Nd6 52.
Bg5+ Kf5 53. g7 Nf7+ 54. Kh5 1-0

[Event "N�-LL 2006_07"]
[Site "?"]
[Date "2006.10.01"]
[Round "2"]
[White "Hirsch, Andreas"]
[Black "Weninger, Robert"]
[Result "1/2-1/2"]
[WhiteElo "2031"]
[BlackElo "2096"]
[Annotator "Bisamberg/Korneuburg : Schwarzatal"]
[PlyCount "40"]
[EventDate "2006.09.20"]
[SourceDate "2006.10.06"]

1. g3 Nf6 2. f4 d5 3. Nf3 b6 4. Bg2 Bb7 5. d3 e6 6. c3 Bd6 7. O-O Nbd7 8. Na3
c5 9. Qe1 Rc8 10. e4 dxe4 11. Ng5 h6 12. Nxe4 Nxe4 13. dxe4 e5 14. Nc4 Bb8 15.
Be3 Qe7 16. Rd1 O-O 17. Rf2 Nf6 18. Nxe5 Bxe5 19. fxe5 Ng4 20. Rfd2 Nxe3
1/2-1/2

g4 22. Nh4 Bf5 23. Rae1 Rab8 24. b3 Rbd8 25. Re5 Rd5 26. Rfe1 Kf7 27.
Nxf5 gxf5 28. Re6 h5 29. Rh6 Rd7 30. Rxh5 Kg6 31. Rh4 Rd6 32. h3 gxh3 33. Kh2
Rd7 34. Kxh3 Rg8 35. g4 fxg4+ 36. Rxg4+ Kf7 37. Re5 Rh8+ 38. Kg2 Rd5 39. Reg5
Rxg5 40. fxg5 Nd5 41. Rg3 Kg6 42. Rh3 Re8 43. Rh6+ Kf5 44. Kf3 Rc8 45. Rh7 Rc7
46. Rxc7 Nxc7 47. Kg3 Nb5 48. Kh4 Nxa3 49. Kh5 Nb5 50. g6 Kf6 51. Kh6 Nd6 52.
Bg5+ Kf5 53. g7 Nf7+ 54. Kh5 1/2-1/2

[Event "N�-LL 2006_07"]
[Site "?"]
[Date "2006.10.01"]
[Round "2"]
[White "Hangweyrer, Manfred"]
[Black "Scheider-Zinner, Harald"]
[Result "1-0"]
[WhiteElo "2381"]
[BlackElo "2357"]
[Annotator "Baden : Stockerau"]
[PlyCount "55"]
[EventDate "2006.09.20"]
[SourceDate "2006.10.06"]

1. e4 e5 2. Nf3 d6 3. d4 exd4 4. Nxd4 Nf6 5. Nc3 Be7 6. Be2 O-O 7. O-O Re8 8.
f4 Bf8 9. Bf3 c5 10. Nde2 Nc6 11. h3 Bd7 12. a4 Nb4 13. Ng3 Bc6 14. Nd5 Nxe4
15. Bxe4 Rxe4 16. Nxe4 Nxd5 17. Ng5 Qf6 18. Qd3 Qg6 19. f5 Qf6 20. c3 Re8 21.
Nf3 h6 22. Bd2 Nb6 23. Nh2 Be4 24. Qg3 Qe5 25. Rf4 Nd5 26. Ng4 Nxf4 27. Bxf4
Qd5 28. Nf6+ 1-0

[Event "N�-LL 2006_07"]
[Site "?"]
[Date "2006.10.01"]
[Round "2"]
[White "Sulyok, Michael"]
[Black "Gr�tz, Harald"]
[Result "0-1"]
[WhiteElo "2217"]
[BlackElo "2359"]
[Annotator "Baden : Stockerau"]
[PlyCount "72"]
[EventDate "2006.09.20"]
[SourceDate "2006.10.06"]

1. c4 e5 2. Nc3 Nc6 3. g3 g6 4. Bg2 Bg7 5. Nf3 d6 6. d3 Nf6 7. O-O O-O 8. Rb1
a5 9. a3 h6 10. b4 axb4 11. axb4 Be6 12. b5 Ne7 13. Bb2 Qd7 14. Re1 Bh3 15. Bh1
Ng4 16. Ra1 Rab8 17. Qc2 f5 18. Ra7 g5 19. Nd2 e4 20. Nd1 Bxb2 21. Qxb2 e3 22.
Nxe3 Nxe3 23. fxe3 f4 24. Ne4 fxg3 25. Nf6+ Rxf6 26. Qxf6 Rf8 27. Bd5+ Nxd5 28.
Qg6+ Qg7 29. Qxg7+ Kxg7 30. hxg3 Nxe3 31. Rxb7 Ng4 32. b6 Rf2 33. Rc1 Rxe2 34.
bxc7 Rg2+ 35. Kf1 Nh2+ 36. Ke1 Nf3+ 0-1

[Event "N�-LL 2006_07"]
[Site "?"]
[Date "2006.10.01"]
[Round "2"]
[White "Sadilek, Maximilian"]
[Black "Geismann, Bernhard"]
[Result "0-1"]
[WhiteElo "2150"]
[BlackElo "2030"]
[Annotator "Baden : Stockerau"]
[PlyCount "80"]
[EventDate "2006.09.20"]
[SourceDate "2006.10.06"]

1. e4 e5 2. Nf3 Nc6 3. Bc4 Bc5 4. b4 Bxb4 5. c3 Ba5 6. d4 exd4 7. O-O Nge7 8.
cxd4 d5 9. exd5 Nxd5 10. Qb3 Nce7 11. Ba3 c6 12. Bxe7 Kxe7 13. Bxd5 Qxd5 14.
Qa3+ Kf6 15. Nc3 Bxc3 16. Qxc3 Bf5 17. Rfe1 Rhe8 18. Re5 Rxe5 19. dxe5+ Ke7 20.
Nd4 Bd7 21. Rd1 Kf8 22. Qc2 Kg8 23. Nf3 Bf5 24. Rxd5 Bxc2 25. Rd7 Rb8 26. Ng5
Bg6 27. e6 fxe6 28. f4 Bf5 29. Re7 h6 30. Nxe6 Bxe6 31. Rxe6 Kf7 32. f5 Rd8 33.
Re2 c5 34. Kf2 c4 35. Rc2 b5 36. a4 a6 37. axb5 axb5 38. Ke3 Kf6 39. Ke4 Re8+
40. Kf4 Rc8 0-1

[Event "N�-LL 2006_07"]
[Site "?"]
[Date "2006.10.01"]
[Round "2"]
[White "Herndlbauer, Martin"]
[Black "Schmid, Thomas"]
[Result "0-1"]
[WhiteElo "2126"]
[BlackElo "2117"]
[Annotator "Baden : Stockerau"]
[PlyCount "64"]
[EventDate "2006.09.20"]
[SourceDate "2006.10.06"]

1. e4 c5 2. Nf3 d6 3. d4 cxd4 4. Nxd4 Nf6 5. Nc3 e6 6. g4 h6 7. h4 Nc6 8. Rg1
h5 9. gxh5 Nxh5 10. Bg5 Nf6 11. Be2 Qb6 12. Nb3 Qc7 13. h5 Be7 14. Qd2 a6 15.
O-O-O b5 16. h6 gxh6 17. Bxf6 Bxf6 18. Bxb5 axb5 19. Nxb5 Qb8 20. Nxd6+ Ke7 21.
f4 Rxa2 22. e5 Nxe5 23. Qe2 Ng6 24. Qc4 Rd8 25. f5 Ra1+ 26. Nxa1 Qxb2+ 27. Kd2
Rxd6+ 28. Ke3 Qe5+ 29. Qe4 Bg5+ 30. Rxg5 Qxe4+ 31. Kxe4 Rxd1 32. fxg6 f5+ 0-1

[Event "N�-LL 2006_07"]
[Site "?"]
[Date "2006.10.01"]
[Round "2"]
[White "Mahdy, Khaled"]
[Black "Penz, Harald"]
[Result "1/2-1/2"]
[WhiteElo "2355"]
[BlackElo "2303"]
[Annotator "Mauerbach : Waidhofen"]
[PlyCount "49"]
[EventDate "2006.10.01"]
[SourceDate "2006.10.01"]

1. e4 e5 2. Nf3 Nf6 3. Nxe5 d6 4. Nf3 Nxe4 5. c4 Be7 6. Nc3 Nxc3 7. bxc3 O-O 8.
d4 Bf6 9. Be2 Bf5 10. O-O Nc6 11. Be3 Re8 12. Bd3 Ne7 13. a4 Qd7 14. a5 b6 15.
Bc2 Bxc2 16. Qxc2 Nc6 17. Qa4 Rad8 18. axb6 axb6 19. Nd2 Na5 20. Qxd7 Rxd7 21.
Ra2 h6 22. h3 Bg5 23. Bxg5 hxg5 24. Nf3 Nxc4 25. Nxg5 1/2-1/2

[Event "N�-LL 2006_07"]
[Site "?"]
[Date "2006.10.01"]
[Round "2"]
[White "Bechmann, Gerhard"]
[Black "Svanda, Pavel"]
[Result "0-1"]
[WhiteElo "2094"]
[BlackElo "2230"]
[Annotator "Mauerbach : Waidhofen"]
[PlyCount "34"]
[EventDate "2006.??.??"]

1. e4 c5 2. d4 cxd4 3. Nf3 Nc6 4. Nxd4 Qc7 5. Nc3 e6 6. a3 a6 7. Be3 Nf6 8. Be2
d6 9. O-O Be7 10. f3 Ne5 11. Qd2 O-O 12. h3 Nc4 13. Bxc4 Qxc4 14. b3 Qc7 15.
Bf2 Bd7 16. Nce2 d5 17. exd5 e5 0-1

[Event "N�-LL 2006_07"]
[Site "?"]
[Date "2006.10.01"]
[Round "2"]
[White "Kropik, Martin"]
[Black "Descovic, Nicolai"]
[Result "1/2-1/2"]
[WhiteElo "2092"]
[BlackElo "2080"]
[Annotator "Mauerbach : Waidhofen"]
[PlyCount "37"]
[EventDate "2006.??.??"]
[SourceDate "2006.10.01"]

1. d4 Nf6 2. c4 g6 3. Nc3 Bg7 4. e4 d6 5. f4 O-O 6. Nf3 c5 7. d5 Bg4 8. Be2 e6
9. O-O exd5 10. cxd5 Nbd7 11. h3 Bxf3 12. Bxf3 Rb8 13. a4 a6 14. a5 b5 15. axb6
Qxb6 16. Kh1 Rfe8 17. Qa4 Qb4 18. Qxa6 Nb6 19. Qd3 1/2-1/2

[Event "N�-LL 2006_07"]
[Site "?"]
[Date "2006.10.01"]
[Round "2"]
[White "Ponjican, Erich"]
[Black "Dietrich, Markus"]
[Result "1-0"]
[WhiteElo "2059"]
[BlackElo "1992"]
[Annotator "Mauerbach : Waidhofen"]
[PlyCount "65"]
[EventDate "2006.??.??"]
[SourceDate "2006.10.01"]

1. e4 d5 2. exd5 Qxd5 3. Nc3 Qd6 4. d4 Nf6 5. Nf3 a6 6. Ne5 Nc6 7. Nxc6 Qxc6 8.
d5 Qb6 9. Be2 e6 10. O-O exd5 11. Nxd5 Nxd5 12. Qxd5 Be6 13. Qg5 h6 14. Qg3
O-O-O 15. c4 g5 16. Qc3 Qd4 17. Qc2 Bd6 18. Be3 Qe5 19. g3 Bc5 20. Bxc5 Qxc5
21. Rfd1 Bf5 22. Qc3 Be4 23. b4 Qc6 24. a4 Rxd1+ 25. Rxd1 Re8 26. c5 Qxa4 27.
b5 Qc2 28. Qd4 Bf5 29. Bf3 axb5 30. Ra1 Kb8 31. c6 b6 32. Qd7 Bxd7 33. cxd7 1-0

[Event "N�-LL 2006_07"]
[Site "Amstetten"]
[Date "2006.10.01"]
[Round "2"]
[White "Kummer, Helmut"]
[Black "Rumpl, Erwin"]
[Result "0-1"]
[WhiteElo "2335"]
[BlackElo "2288"]
[Annotator "Amstetten : Bad V�slau/Kottingbrunn"]
[PlyCount "78"]
[EventDate "2006.10.01"]
[SourceDate "2006.10.01"]

1. d4 g6 2. c4 Bg7 3. Nc3 d6 4. e4 e5 5. Be3 exd4 6. Bxd4 Nf6 7. c5 Nc6 8. Bb5
O-O 9. Bxc6 bxc6 10. Nge2 Qe7 11. f3 d5 12. Qa4 dxe4 13. Qxc6 Rb8 14. Bxf6 Qxf6
15. Qxf6 Bxf6 16. fxe4 Rxb2 17. O-O-O Bxc3 18. Nxc3 Rxg2 19. Rd2 Rxd2 20. Kxd2
c6 21. Ke3 Rd8 22. Ne2 Re8 23. Kf4 h6 24. h4 f5 25. Ng3 Rd8 26. Rb1 fxe4 27.
Kxe4 Be6 28. Rb7 Bd5+ 29. Ke3 Rf8 30. Ne2 Rf3+ 31. Kd4 Rf7 32. Rb8+ Kg7 33. a3
g5 34. hxg5 hxg5 35. Nc3 Bf3 36. Ke3 g4 37. Rd8 g3 38. Ne2 g2 39. Rd1 Bh5 0-1

[Event "N�-LL 2006_07"]
[Site "Amstetten"]
[Date "2006.10.01"]
[Round "2"]
[White "Wadsack, Wolfgang"]
[Black "Zojer, Thomas"]
[Result "1/2-1/2"]
[WhiteElo "2241"]
[BlackElo "2088"]
[Annotator "Amstetten : Bad V�slau/Kottingbrunn"]
[PlyCount "198"]
[EventDate "2006.10.01"]
[SourceDate "2006.10.01"]

1. e4 c5 2. c3 Nf6 3. e5 Nd5 4. d4 cxd4 5. cxd4 Nc6 6. Nf3 d6 7. Bc4 e6 8. O-O
Nb6 9. Bb3 Be7 10. Qe2 O-O 11. Nc3 d5 12. a3 Bd7 13. Bc2 f5 14. exf6 Bxf6 15.
Qd3 g6 16. h4 Bxh4 17. g3 Rxf3 18. Qxf3 Nxd4 19. Qd1 Nxc2 20. Qxc2 Bf6 21. Qe2
Rc8 22. Rd1 Qe8 23. Qf3 Bg7 24. Be3 Bc6 25. Bd4 e5 26. Bxb6 d4 27. Ne4 axb6 28.
Qb3+ Kh8 29. Nd6 Qd7 30. Nf7+ Kg8 31. Nxe5+ Bd5 32. Nxd7 Bxb3 33. Rd2 Rc7 34.
Nxb6 Rc6 35. Na8 Bc2 36. Nb6 d3 37. Nd5 Rc5 38. Nc3 Rxc3 39. bxc3 Bxc3 40. Rxc2
dxc2 41. Rc1 Bb2 42. Rxc2 Bxa3 43. Rc8+ Kg7 44. Rc7+ Kf6 45. Rxb7 h5 46. Kg2
Kf5 47. Kf3 Bc1 48. Rb5+ Kf6 49. Ke4 Bd2 50. f4 Be1 51. Rb6+ Kf7 52. Kf3 Bc3
53. Rc6 Bd4 54. Rc7+ Ke6 55. g4 hxg4+ 56. Kxg4 Bf6 57. Rh7 Be7 58. Rh6 Kf7 59.
f5 gxf5+ 60. Kxf5 Kg7 61. Rg6+ Kf7 62. Rb6 Bh4 63. Rh6 Bf2 64. Rh7+ Ke8 65. Ke6
Kd8 66. Rd7+ Kc8 67. Rd2 Bg3 68. Rd3 Bh2 69. Rc3+ Kb7 70. Kd7 Kb6 71. Rc2 Bg3
72. Ke6 Kb5 73. Kd5 Kb6 74. Rc6+ Kb7 75. Kc5 Bf4 76. Kb5 Bh2 77. Rh6 Bg3 78.
Rh7+ Kc8 79. Kc6 Kd8 80. Rh3 Bf4 81. Rf3 Bh2 82. Rf2 Bg3 83. Rg2 Bf4 84. Rg7
Bh2 85. Rd7+ Ke8 86. Rd2 Bf4 87. Re2+ Kd8 88. Re1 Bg3 89. Ra1 Ke7 90. Ra3 Bh2
91. Ra7+ Kd8 92. Rd7+ Ke8 93. Rh7 Bg3 94. Kd5 Kd8 95. Rh3 Bf4 96. Rd3 Bh2 97.
Rd2 Bg3 98. Ke6+ Kc7 99. Rd7+ Kc8 1/2-1/2

[Event "N�-LL 2006_07"]
[Site "Amstetten"]
[Date "2006.10.01"]
[Round "2"]
[White "Brehovsky, Paul"]
[Black "Gugler, Edgar"]
[Result "0-1"]
[WhiteElo "2140"]
[BlackElo "2216"]
[Annotator "Amstetten : Bad V�slau/Kottingbrunn"]
[PlyCount "70"]
[EventDate "2006.10.01"]
[SourceDate "2006.10.01"]

1. d4 d5 2. c4 c6 3. Nc3 Nf6 4. Nf3 a6 5. e3 g6 6. Bd3 Bg7 7. h3 b5 8. b3 O-O
9. O-O Nbd7 10. Bd2 Bb7 11. Rc1 Rc8 12. Qe2 Re8 13. Rfd1 e5 14. dxe5 Nxe5 15.
Nxe5 Rxe5 16. Nb1 Ne4 17. cxd5 cxd5 18. Rxc8 Qxc8 19. Rc1 Qd8 20. Bxe4 Rxe4 21.
Bc3 d4 22. Bd2 Re8 23. Qf1 h5 24. exd4 Bxd4 25. Bc3 Bxc3 26. Nxc3 Qd2 27. Qd1
Qg5 28. g3 h4 29. Kh2 hxg3+ 30. fxg3 Re3 31. Qg4 Qe5 32. Qf4 Re2+ 33. Kg1 Rg2+
34. Kf1 Qc5 35. Ne4 Qg1# 0-1

[Event "N�-LL 2006_07"]
[Site "Amstetten"]
[Date "2006.10.01"]
[Round "2"]
[White "Dumancic, Pero"]
[Black "Zojer, Stefan"]
[Result "1-0"]
[WhiteElo "2185"]
[BlackElo "2118"]
[Annotator "Amstetten : Bad V�slau/Kottingbrunn"]
[PlyCount "47"]
[EventDate "2006.10.01"]
[SourceDate "2006.10.01"]

1. d4 f5 2. c4 Nf6 3. Nc3 g6 4. g3 Bg7 5. Bg2 d6 6. Nh3 c6 7. O-O O-O 8. d5 e5
9. Bg5 h6 10. Bxf6 Qxf6 11. Qc2 c5 12. f3 Na6 13. Rab1 Bd7 14. Nf2 Rab8 15. Nb5
Bxb5 16. cxb5 Nc7 17. a4 b6 18. b4 a6 19. bxc5 dxc5 20. d6 Rbd8 21. Rfd1 axb5
22. Qa2+ Ne6 23. Rxb5 Rb8 24. Rdb1 1-0

[Event "N�-LL 2006_07"]
[Site "?"]
[Date "2006.10.15"]
[Round "3"]
[White "Kostic, Vladimir"]
[Black "Wukits, Rene"]
[Result "1-0"]
[WhiteElo "2433"]
[BlackElo "2298"]
[Annotator "Schwarzatal : P�chlarn"]
[PlyCount "52"]
[EventDate "2006.09.20"]
[SourceDate "2006.10.17"]

1. Nf3 Nf6 2. d4 d5 3. c4 e6 4. g3 Be7 5. Bg2 O-O 6. O-O dxc4 7. Qc2 a6 8. Rd1
b5 9. e4 Bb7 10. Ne5 Nbd7 11. Bf4 Qc8 12. Nc3 Nxe5 13. Bxe5 Rd8 14. a4 b4 15.
Ne2 c5 16. Bxf6 Bxf6 17. d5 exd5 18. exd5 a5 19. Rab1 Qg4 20. Nf4 c3 21. bxc3
Bxc3 22. Ne2 Bf6 23. f3 Qc8 24. Rdc1 Be7 25. Qe4 Qd7 26. Nf4 Bd6 {
Rest nicht lesbar, 1:0 im 61.Zug} 1-0

[Event "N�-LL 2006_07"]
[Site "?"]
[Date "2006.10.15"]
[Round "3"]
[White "Weinwurm, Wolfgang"]
[Black "Knoll, Hermann"]
[Result "0-1"]
[WhiteElo "2183"]
[BlackElo "2373"]
[Annotator "Schwarzatal : P�chlarn"]
[PlyCount "66"]
[EventDate "2006.09.20"]
[SourceDate "2006.10.17"]

1. e4 c5 2. Nf3 d6 3. d4 cxd4 4. Nxd4 Nf6 5. Nc3 a6 6. Bg5 e6 7. f4 Nbd7 8. Qf3
Qc7 9. O-O-O b5 10. e5 Bb7 11. Qh3 dxe5 12. Nxe6 fxe6 13. Qxe6+ Be7 14. Bxf6
gxf6 15. Bxb5 axb5 16. Nxb5 Qc6 17. Nd6+ Kd8 18. Nxb7+ Qxb7 19. Rxd7+ Qxd7 20.
Rd1 Qxd1+ 21. Kxd1 exf4 22. b4 Ke8 23. a4 Rd8+ 24. Ke2 Rd6 25. Qf5 Kf7 26. Qh5+
Ke6 27. c4 Rd4 28. Qb5 Rhd8 29. c5 Kf5 30. c6+ Ke4 31. Qh5 Rd2+ 32. Ke1 Rd1+
33. Qxd1 Bxb4+ 0-1

[Event "N�-LL 2006_07"]
[Site "?"]
[Date "2006.10.15"]
[Round "3"]
[White "Weinzettl, Ernst"]
[Black "Degen, Gerhard"]
[Result "1-0"]
[WhiteElo "2327"]
[BlackElo "2207"]
[Annotator "Schwarzatal : P�chlarn"]
[PlyCount "81"]
[EventDate "2006.09.20"]
[SourceDate "2006.10.17"]

1. e4 c6 2. Nc3 d5 3. Nf3 Bg4 4. h3 Bh5 5. exd5 cxd5 6. Bb5+ Nc6 7. g4 Bg6 8.
Ne5 Qd6 9. d4 f6 10. Nxg6 hxg6 11. Qd3 O-O-O 12. Bxc6 Qxc6 13. Nb5 Qb6 14. a4
a6 15. Nc3 e6 16. a5 Qc7 17. Qxg6 Ne7 18. Qf7 e5 19. Be3 Nc6 20. Qe6+ Qd7 21.
Qxd7+ Rxd7 22. Na4 Rd8 23. O-O-O e4 24. Bf4 Bd6 25. Nb6+ Kb8 26. Nxd5 Bxf4+ 27.
Nxf4 Rxd4 28. Rxd4 Nxd4 29. Rd1 Nc6 30. Rd7 g5 31. Nh5 f5 32. Rd5 fxg4 33. hxg4
Rf8 34. Rf5 Re8 35. Nf6 Re6 36. Nd7+ Kc7 37. Nc5 Re7 38. Rxg5 Ne5 39. Nxe4 Nf3
40. Rc5+ Kb8 41. Rf5 1-0

[Event "N�-LL 2006_07"]
[Site "?"]
[Date "2006.10.15"]
[Round "3"]
[White "Savio jun, Alfred"]
[Black "Steinm�ller, G�nther"]
[Result "0-1"]
[WhiteElo "2060"]
[BlackElo "2151"]
[Annotator "Schwarzatal : P�chlarn"]
[PlyCount "54"]
[EventDate "2006.09.20"]
[SourceDate "2006.10.17"]

1. d4 Nf6 2. Nf3 e6 3. Bg5 c5 4. Nbd2 cxd4 5. Nxd4 Nc6 6. e3 Be7 7. c3 O-O 8.
Bd3 d5 9. Qc2 h6 10. Bf4 Bd7 11. N2f3 Rc8 12. Nxc6 Bxc6 13. O-O Bd6 14. Ne5 Qc7
15. Nxc6 bxc6 16. Bxd6 Qxd6 17. Rfd1 Qe5 18. h3 Rb8 19. Rab1 Rb7 20. b4 Rfb8
21. a4 Ne8 22. Rb2 Nd6 23. Rdb1 f5 24. c4 dxc4 25. Bxc4 a5 26. b5 cxb5 27. axb5
Rc8 0-1

[Event "N�-LL 2006_07"]
[Site "?"]
[Date "2006.10.15"]
[Round "3"]
[White "Penz, Harald"]
[Black "Gr�tz, Harald"]
[Result "1/2-1/2"]
[WhiteElo "2309"]
[BlackElo "2359"]
[Annotator "Stockerau : Mauerbach"]
[PlyCount "139"]
[EventDate "2006.09.20"]
[SourceDate "2006.10.17"]

1. e4 c5 2. c3 e6 3. d4 d5 4. exd5 exd5 5. Nf3 Nc6 6. Bb5 Bd6 7. O-O Nge7 8.
dxc5 Bxc5 9. Nbd2 O-O 10. Nb3 Bb6 11. Re1 Nf5 12. Bd3 Bc7 13. g3 g6 14. Bxf5
Bxf5 15. Nfd4 Qf6 16. Nxf5 Qxf5 17. Be3 Rfe8 18. Nd4 Nxd4 19. Bxd4 Re4 20. Re3
h5 21. Qd2 Kh7 22. Rae1 Rae8 23. h4 a6 24. Kg2 Qg4 25. Qd1 R8e6 26. Qb3 Rxe3
27. Rxe3 Rxe3 28. Bxe3 Qe4+ 29. Kg1 Bxg3 30. Qxb7 Qe6 31. fxg3 Qxe3+ 32. Kg2
Qe2+ 33. Kg1 Qf3 34. Qc7 Qe3+ 35. Kg2 Qe4+ 36. Kf2 Kg7 37. Qb6 Qc2+ 38. Kf3
Qd1+ 39. Kf2 Qd2+ 40. Kf3 Qd1+ 41. Kf2 Qd2+ 42. Kf3 Qd3+ 43. Kf2 Qc2+ 44. Kf3
Qb1 45. a3 a5 46. Qxa5 Qd1+ 47. Ke3 Qe1+ 48. Kf3 d4 49. Qc5 Qe3+ 50. Kg2 Qe2+
51. Kg1 Qd1+ 52. Kg2 d3 53. Qd4+ Kh7 54. Qd5 Qe2+ 55. Kg1 Qe3+ 56. Kf1 Qc1+ 57.
Kg2 Qxb2+ 58. Kh3 Qxc3 59. Qxf7+ Kh6 60. Qf8+ Qg7 61. Qd6 Qb7 62. Kh2 Qf3 63.
Qd4 Kh7 64. Qd7+ Kg8 65. Qe8+ Kg7 66. Qd7+ Kg8 67. Qd8+ Kf7 68. Qd7+ Kf8 69.
Qd6+ Kf7 70. Qd7+ 1/2-1/2

[Event "N�-LL 2006_07"]
[Site "?"]
[Date "2006.10.15"]
[Round "3"]
[White "Hangweyrer, Manfred"]
[Black "Weissenbeck, Manuel"]
[Result "1-0"]
[WhiteElo "2381"]
[BlackElo "2273"]
[Annotator "Stockerau : Mauerbach"]
[PlyCount "51"]
[EventDate "2006.09.20"]
[SourceDate "2006.10.17"]

1. e4 c5 2. Nf3 d6 3. Bc4 e6 4. O-O Nf6 5. Qe2 Nc6 6. d3 Be7 7. c3 O-O 8. Nbd2
a6 9. a4 e5 10. Re1 Ne8 11. Nf1 Nc7 12. Ng3 Be6 13. Bxe6 fxe6 14. Be3 b5 15.
axb5 axb5 16. d4 exd4 17. cxd4 c4 18. Rxa8 Qxa8 19. d5 exd5 20. Bb6 Ne6 21.
exd5 Nf4 22. Qe4 Ne5 23. Nf5 Nfg6 24. Nxe5 dxe5 25. Nxe7+ Nxe7 26. Bc5 1-0